Schválenie niektorých ďalších noriem IFRS Regulačným výborom pre účtovníctvo

Predpokladom pre uplatňovanie noriem IFRS v prostredí EÚ je ich schválenie príslušnými inštitúciami EÚ. Na technickej (odbornej) úrovni sa touto otázkou zaoberá okrem Komisie aj Regulačný výbor pre účtovníctvo (RVÚ), ktorý slúži ako poradný orgán Rady (ministrov) EÚ.

Guardado en:
Detalles Bibliográficos
Autor principal: Tumpach, Miloš, 1970-
Formato: Capítulo de libro
Lenguaje:eslovaco
Materias:
Etiquetas: Agregar Etiqueta
Sin Etiquetas, Sea el primero en etiquetar este registro!

MARC

LEADER 00000nla$a2200000$$$4500
001 0133815
005 20240502072513.0
041 0 |a slo 
044 |a SK 
245 1 0 |a Schválenie niektorých ďalších noriem IFRS Regulačným výborom pre účtovníctvo  |c Miloš Tumpach 
520 |a Predpokladom pre uplatňovanie noriem IFRS v prostredí EÚ je ich schválenie príslušnými inštitúciami EÚ. Na technickej (odbornej) úrovni sa touto otázkou zaoberá okrem Komisie aj Regulačný výbor pre účtovníctvo (RVÚ), ktorý slúži ako poradný orgán Rady (ministrov) EÚ. 
610 2 0 |a štandardy účtovné medzinárodné 
610 2 0 |a IFRS 
610 2 0 |a Európska únia 
610 2 0 |a IFRIC 
610 2 0 |a IAS 
100 1 |a Tumpach, Miloš, 1970-